[Event "Titled Tuesday intern op 23rd May Early"]
[Site "Chess.com INT"]
[Date "2023.05.23"]
[Round "3"]
[White "Shubenkova, Veronika"]
[Black "Zherebukh, Yaroslav"]
[Result "0-1"]
[WhiteElo "1960"]
[BlackElo "2623"]
[PlyCount "78"]
[EventDate "2023.05.23"]
[EventType "swiss (blitz)"]
[EventRounds "11"]
[EventCountry "USA"]
[SourceTitle "CBM 214 Extra"]
[Source "ChessBase"]
[SourceDate "2023.07.31"]
[SourceVersion "1"]
[SourceVersionDate "2023.07.31"]
[SourceQuality "1"]

1. e4 c6 2. d4 d5 3. Nc3 dxe4 4. Nxe4 Nf6 5. Nxf6+ exf6 6. c3 Bd6 7. Bd3 0-0 8. Ne2 Re8 9. Qc2 h5 10. Bd2 Nd7 11. 0-0-0 Nf8 12. Kb1 Be6 13. c4 Rc8 14. Bc3 a6 15. Ng3 h4 16. Nf5 b5 17. c5 Bc7 18. Nxh4 a5 19. Nf5 b4 20. Bd2 Qd5 21. b3 a4 22. Kb2 axb3 23. axb3 Ra8 24. Be3 Ra3 25. Qc4 Rxb3+ 26. Kxb3 Qd7 27. g4 Ra8 28. Ra1 Rxa1 29. Rxa1 Bxc4+ 30. Bxc4 Ne6 31. Ra8+ Kh7 32. Bd3 g6 33. h4 gxf5 34. Bxf5+ Kg7 35. h5 Nxd4+ 36. Bxd4 Qxd4 37. f4 Qc3+ 38. Ka2 b3+ 39. Kb1 Bxf4 0-1

[Event "Titled Tuesday intern op 23rd May Early"]
[Site "Chess.com INT"]
[Date "2023.05.23"]
[Round "8"]
[White "Zherebukh, Yaroslav"]
[Black "Stoleriu, George"]
[Result "0-1"]
[WhiteElo "2623"]
[BlackElo "2390"]
[PlyCount "62"]
[EventDate "2023.05.23"]
[EventType "swiss (blitz)"]
[EventRounds "11"]
[EventCountry "USA"]
[SourceTitle "CBM 214 Extra"]
[Source "ChessBase"]
[SourceDate "2023.07.31"]
[SourceVersion "1"]
[SourceVersionDate "2023.07.31"]
[SourceQuality "1"]

1. d4 Nf6 2. c4 e6 3. Nf3 Bb4+ 4. Nbd2 b6 5. a3 Bxd2+ 6. Qxd2 Bb7 7. e3 a5 8. b3 0-0 9. Bb2 d6 10. Bd3 Ne4 11. Qc2 f5 12. d5 exd5 13. Nd4 Qe7 14. cxd5 Bxd5 15. Bc4 Bxc4 16. Qxc4+ Qf7 17. Ne6 b5 18. Qxc7 Na6 19. Qxf7+ Rxf7 20. Ke2 Nac5 21. Nd4 f4 22. f3 fxe3 23. b4 Na4 24. Kxe3 Nf6 25. Bc1 Nd5+ 26. Kf2 axb4 27. Nxb5 b3 28. Rb1 Rb7 29. Nxd6 Rb6 30. Nc4 Rb5 31. Bd2 Rab8 0-1

[Event "Titled Tuesday intern op 16th May Early"]
[Site "Chess.com INT"]
[Date "2023.05.16"]
[Round "8"]
[White "Tabatabaei, Mohammad Amin"]
[Black "Zherebukh, Yaroslav"]
[Result "1-0"]
[WhiteElo "2677"]
[BlackElo "2623"]
[PlyCount "71"]
[EventDate "2023.05.16"]
[EventType "swiss (blitz)"]
[EventRounds "11"]
[EventCountry "USA"]
[SourceTitle "CBM 214 Extra"]
[Source "ChessBase"]
[SourceDate "2023.07.31"]
[SourceVersion "1"]
[SourceVersionDate "2023.07.31"]
[SourceQuality "1"]

1. c4 Nf6 2. g3 c6 3. d4 d5 4. Bg2 g6 5. Qa4 Bg7 6. cxd5 Nxd5 7. Nf3 Nb6 8. Qa3 Bg4 9. 0-0 Bxf3 10. Bxf3 Qxd4 11. Nc3 N8d7 12. Rd1 Qc5 13. Qb3 Qc4 14. Qc2 0-0 15. Bg5 Bf6 16. Be3 Rfd8 17. h4 Ne5 18. Bg2 Ng4 19. Bf4 Nd5 20. Bxd5 Rxd5 21. Rxd5 cxd5 22. Qb3 Qxb3 23. axb3 e6 24. b4 Ne5 25. Nb5 a6 26. Nd6 b6 27. b5 a5 28. Rc1 Nd7 29. Rc7 Nc5 30. Bc1 Be5 31. Rc6 Nb3 32. Bh6 Bxb2 33. Rxb6 a4 34. Ra6 Rxa6 35. bxa6 Bd4 36. Be3 1-0

[Event "Titled Tuesday intern op 16th Nov"]
[Site "Chess.com INT"]
[Date "2021.11.16"]
[Round "1"]
[White "Estrada Nieto, Julian"]
[Black "Zherebukh, Yaroslav"]
[Result "0-1"]
[WhiteElo "2280"]
[BlackElo "2621"]
[PlyCount "128"]
[EventDate "2021.11.16"]
[EventType "swiss (blitz)"]
[EventRounds "11"]
[EventCountry "USA"]
[SourceTitle "CBM 205 Extra"]
[Source "ChessBase"]
[SourceDate "2022.01.31"]
[SourceVersion "1"]
[SourceVersionDate "2022.01.31"]
[SourceQuality "1"]

1. e4 c5 2. Nf3 d6 3. d4 cxd4 4. Qxd4 a6 5. Bc4 Nc6 6. Qd3 g6 7. Nc3 Bg7 8. Bb3 Nf6 9. h3 0-0 10. 0-0 b5 11. Bg5 Bb7 12. Qe3 Nd7 13. Bh6 Qb6 14. Qd2 Nde5 15. Nxe5 dxe5 16. Bxg7 Kxg7 17. a4 b4 18. Nd5 Qc5 19. c3 bxc3 20. bxc3 e6 21. Ne3 Rfd8 22. Qc1 Na5 23. Ng4 Qe7 24. Qh6+ Kh8 25. Bc2 f6 26. Rab1 Qg7 27. Rb6 Qxh6 28. Nxh6 Kg7 29. Ng4 h5 30. Ne3 Kf7 31. Rfb1 Rd7 32. Nc4 Nxc4 33. Rxb7 Rad8 34. Bd3 Nd6 35. Rxd7+ Rxd7 36. Bxa6 Nxe4 37. Rb7 Rxb7 38. Bxb7 Nxc3 39. a5 Nb5 40. Kf1 Ke7 41. Bc6 Na7 42. Bb7 Kd6 43. Ke2 Kc5 44. Ke3 g5 45. a6 Nb5 46. Bf3 h4 47. Bg4 Kb6 48. Bxe6 Nd6 49. Bd5 Kxa6 50. Kf3 Kb6 51. Kg4 Kc5 52. Be6 Kd4 53. g3 hxg3 54. Kxg3 e4 55. Kg4 Ke5 56. Bd7 Nc4 57. h4 gxh4 58. Kxh4 Kf4 59. Kh5 Ne5 60. Be6 Nd3 61. Kg6 Ke5 62. Bc4 Nxf2 63. Bf1 f5 64. Kh5 Kf4 0-1

[Event "PNWCC Online blitz JP 2nd"]
[Site "Chess.com INT"]
[Date "2020.03.21"]
[Round "6"]
[White "He, Anthony B"]
[Black "Zherebukh, Yaroslav"]
[Result "1/2-1/2"]
[WhiteElo "2337"]
[BlackElo "2620"]
[PlyCount "137"]
[EventDate "2020.03.21"]
[EventType "swiss (blitz)"]
[EventRounds "11"]
[EventCountry "USA"]
[SourceTitle "CBM 195 Extra"]
[Source "ChessBase"]
[SourceDate "2020.05.31"]
[SourceVersion "1"]
[SourceVersionDate "2020.05.31"]
[SourceQuality "1"]

1. e4 c5 2. Nf3 d6 3. d4 cxd4 4. Nxd4 Nf6 5. Nc3 a6 6. h3 b5 7. a4 b4 8. Nd5 e6 9. Nxf6+ Qxf6 10. Bd3 Bb7 11. 0-0 Be7 12. Be3 0-0 13. Qd2 a5 14. c3 bxc3 15. Qxc3 Nd7 16. Nb5 Ne5 17. Bd4 Rfc8 18. Qb3 Qg6 19. Bxe5 dxe5 20. Nd6 Bxd6 21. Qxb7 Rab8 22. Qd7 Rd8 23. Qa7 Ra8 24. Qe3 Be7 25. Bb5 Rd4 26. Bc6 Rc8 27. Bb7 Rb8 28. Bc6 Rxb2 29. Rab1 Rxb1 30. Rxb1 Bb4 31. Rb3 h5 32. Rd3 Qf6 33. Rxd4 exd4 34. Qd3 g5 35. g3 h4 36. Kg2 hxg3 37. fxg3 Kg7 38. Bb5 Qe5 39. Bc4 Bc3 40. Qe2 Kf6 41. Qf3+ Ke7 42. Bb5 Qc5 43. Qg4 Bd2 44. Qd1 Qc3 45. Qf3 Be3 46. Qe2 Qc1 47. Kf3 Qh1+ 48. Qg2 Qe1 49. Qe2 Qh1+ 50. Qg2 Qb1 51. Kg4 Kf6 52. Qf3+ Ke7 53. e5 Qg6 54. Qb7+ Kf8 55. Qa8+ Kg7 56. Qf3 Qc2 57. Be8 Qg6 58. Bc6 Qh6 59. Be4 Bd2 60. h4 gxh4 61. gxh4 Be3 62. Kh3 Kf8 63. Bd3 Ke7 64. Qb7+ Kf8 65. Qa8+ Kg7 66. Qg2+ Kf8 67. Qa8+ Ke7 68. Qb7+ Kf8 69. Qa8+ 1/2-1/2

[Event "Titled Tuesday intern op 5th Nov"]
[Site "Chess.com INT"]
[Date "2019.11.05"]
[Round "7"]
[White "Zherebukh, Yaroslav"]
[Black "Andreikin, Dmitry"]
[Result "1/2-1/2"]
[WhiteElo "2615"]
[BlackElo "2733"]
[PlyCount "95"]
[EventDate "2019.11.05"]
[EventType "swiss (blitz)"]
[EventRounds "10"]
[EventCountry "USA"]
[SourceTitle "EXT 2021"]
[Source "ChessBase"]
[SourceDate "2020.10.23"]
[SourceVersion "1"]
[SourceVersionDate "2020.10.23"]
[SourceQuality "1"]

1. e4 e6 2. d4 d5 3. Nd2 c5 4. Ngf3 cxd4 5. Nxd4 Nf6 6. exd5 Nxd5 7. N2f3 Bb4+ 8. Bd2 0-0 9. c4 Bxd2+ 10. Qxd2 Nf6 11. 0-0-0 Nbd7 12. Kb1 b6 13. Nb5 Bb7 14. Nd6 Ne4 15. Nxe4 Bxe4+ 16. Bd3 Bxf3 17. gxf3 Qf6 18. Bxh7+ Kxh7 19. Qxd7 Qxf3 20. Qd3+ Qxd3+ 21. Rxd3 Rac8 22. b3 Rc5 23. f4 Rf5 24. Rd4 g5 25. fxg5 Rxg5 26. Rd7 Kg6 27. Rxa7 f5 28. Re1 f4 29. h4 Rg2 30. Rxe6+ Kf5 31. Re1 f3 32. Rd7 f2 33. Rf1 Ke4 34. Rdd1 Ke3 35. Kb2 Rfg8 36. Kc3 Rg1 37. Kb4 Rxf1 38. Rxf1 Rg1 39. Rxf2 Kxf2 40. Kb5 Ra1 41. Kxb6 Rxa2 42. c5 Rb2 43. c6 Rxb3+ 44. Ka7 Rc3 45. Kb7 Rb3+ 46. Ka7 Rc3 47. Kb7 Rb3+ 48. Ka7 1/2-1/2

[Event "Titled Tuesday intern op 5th Nov"]
[Site "Chess.com INT"]
[Date "2019.11.05"]
[Round "8"]
[White "Zherebukh, Yaroslav"]
[Black "Grachev, Boris V"]
[Result "0-1"]
[WhiteElo "2615"]
[BlackElo "2608"]
[PlyCount "78"]
[EventDate "2019.11.05"]
[EventType "swiss (blitz)"]
[EventRounds "10"]
[EventCountry "USA"]
[SourceTitle "EXT 2021"]
[Source "ChessBase"]
[SourceDate "2020.10.23"]
[SourceVersion "1"]
[SourceVersionDate "2020.10.23"]
[SourceQuality "1"]

1. e4 c5 2. Nf3 e6 3. d4 cxd4 4. Nxd4 Nc6 5. g3 a6 6. Bg2 Nxd4 7. Qxd4 b5 8. 0-0 Bb7 9. c4 bxc4 10. Qxc4 Ne7 11. Nc3 Ng6 12. Be3 Be7 13. f4 0-0 14. h4 Qc8 15. Qe2 Bc5 16. h5 Ne7 17. h6 gxh6 18. Rad1 f5 19. Kh2 Bxe3 20. Qxe3 Bc6 21. e5 Rb8 22. Rf2 Qe8 23. Bxc6 Nxc6 24. Rfd2 Rf7 25. Na4 Nb4 26. Nb6 Rb7 27. a3 Nc6 28. Qc5 Rg7 29. b4 Qh5+ 30. Kg2 Qg4 31. Rd3 Qe2+ 32. Kh3 Qh5+ 33. Kg2 Qe2+ 34. Kh3 Qg4+ 35. Kg2 Qxf4 36. Nxd7 Rbxd7 37. Qxc6 Rde7 38. Rd8+ Kf7 39. R8d7 Rxg3+ 0-1

[Event "Continental op 49th"]
[Site "Sturbridge"]
[Date "2019.08.18"]
[Round "9"]
[White "Zherebukh, Yaroslav"]
[Black "Zhou, Jianchao"]
[Result "0-1"]
[WhiteElo "2631"]
[BlackElo "2606"]
[PlyCount "80"]
[EventDate "2019.08.14"]
[EventType "swiss"]
[EventRounds "9"]
[EventCountry "USA"]
[SourceTitle "CBM 191 Extra"]
[Source "ChessBase"]
[SourceDate "2019.09.30"]
[SourceVersion "1"]
[SourceVersionDate "2019.09.30"]
[SourceQuality "1"]

1. Nf3 c5 2. g3 g6 3. Bg2 Bg7 4. 0-0 Nc6 5. c3 Nf6 6. d4 cxd4 7. cxd4 d5 8. Nc3 Ne4 9. Qb3 0-0 10. Rd1 Nxc3 11. bxc3 e6 12. Bg5 Qc7 13. Bf4 Qd8 14. h4 b6 15. e4 dxe4 16. Ng5 Na5 17. Qc2 f5 18. f3 h6 19. fxe4 hxg5 20. Bxg5 Qe8 21. exf5 Bb7 22. fxg6 Bxg2 23. Kxg2 Qc6+ 24. Kh3 e5 25. d5 Qd7+ 26. Kh2 Rf5 27. Qe2 Raf8 28. Rf1 Qxd5 29. Rxf5 Rxf5 30. Rd1 Qc4 31. Qh5 Nc6 32. Qh7+ Kf8 33. Bh6 Qe2+ 34. Kh3 Qxd1 35. Qxg7+ Ke8 36. Qc7 Qd7 37. g7 Qxc7 38. g8Q+ Kd7 39. Qg4 Ne7 40. Bg5 Qc6 0-1

[Event "Continental op 49th"]
[Site "Sturbridge"]
[Date "2019.08.16"]
[Round "4"]
[White "Zherebukh, Yaroslav"]
[Black "Steingrimsson, Hedinn"]
[Result "1/2-1/2"]
[WhiteElo "2631"]
[BlackElo "2547"]
[PlyCount "171"]
[EventDate "2019.08.14"]
[EventType "swiss"]
[EventRounds "9"]
[EventCountry "USA"]
[SourceTitle "CBM 191 Extra"]
[Source "ChessBase"]
[SourceDate "2019.09.30"]
[SourceVersion "1"]
[SourceVersionDate "2019.09.30"]
[SourceQuality "1"]

1. Nf3 d5 2. b3 Bg4 3. Bb2 Nd7 4. g3 Ngf6 5. Bg2 e6 6. 0-0 Bd6 7. c4 0-0 8. d4 c6 9. Nbd2 h6 10. Ne5 Bf5 11. Nxd7 Qxd7 12. f3 Rfe8 13. e4 dxe4 14. fxe4 Bg4 15. Qc2 e5 16. c5 Bc7 17. d5 cxd5 18. Rxf6 gxf6 19. exd5 f5 20. Nc4 Rac8 21. Qd2 Qb5 22. Qe3 Bb8 23. h3 Bh5 24. d6 Re6 25. Bxe5 Rxc5 26. d7 Rcxe5 27. d8Q+ Re8 28. Qxh6 Rxd8 29. Qxh5 f4 30. Nxe5 Qxe5 31. Qg4+ Kf8 32. Rd1 Rxd1+ 33. Qxd1 fxg3 34. Kf1 Bc7 35. Qc2 b5 36. Bf3 b4 37. Kg2 Kg7 38. h4 f5 39. Qd2 a5 40. Qg5+ Kf7 41. Qh5+ Ke7 42. Qh7+ Kd6 43. Qg6+ Ke7 44. Qh7+ Kf8 45. Qh6+ Qg7 46. Qxg7+ Kxg7 47. Kf1 Kf6 48. Ke2 Ke5 49. Kd3 Kf4 50. Bg2 Kg4 51. Ke2 Bb6 52. Kd3 Kxh4 53. Ke2 Kg4 54. Kd3 Ba7 55. Ke2 Bf2 56. Kd3 Kf4 57. Ke2 Ke5 58. Kd3 Kd6 59. Kc4 Bg1 60. Bf3 Ke5 61. Kd3 Ba7 62. Bg2 Kf4 63. Ke2 Kg4 64. Kd3 Bb6 65. Ke2 f4 66. Bf3+ Kh3 67. Kf1 g2+ 68. Bxg2+ Kg3 69. Bd5 f3 70. Bc6 Kf4 71. Bb7 Ke3 72. Bc6 Ba7 73. Ba8 f2 74. Bc6 Kd2 75. Ba4 Kc3 76. Ke2 Kb2 77. Kf1 Kxa2 78. Ke2 Kb2 79. Kf1 Kc3 80. Ke2 Bb6 81. Kf1 Kd2 82. Bb5 Kd1 83. Ba4 Ba7 84. Bb5 Kc2 85. Ba4 Kd3 86. Bb5+ 1/2-1/2

[Event "Continental op 49th"]
[Site "Sturbridge"]
[Date "2019.08.15"]
[Round "2"]
[White "Zherebukh, Yaroslav"]
[Black "Lapshun, Yury"]
[Result "1-0"]
[WhiteElo "2631"]
[BlackElo "2391"]
[PlyCount "73"]
[EventDate "2019.08.14"]
[EventType "swiss"]
[EventRounds "9"]
[EventCountry "USA"]
[SourceTitle "CBM 191 Extra"]
[Source "ChessBase"]
[SourceDate "2019.09.30"]
[SourceVersion "1"]
[SourceVersionDate "2019.09.30"]
[SourceQuality "1"]

1. Nf3 d5 2. g3 Nf6 3. Bg2 e6 4. 0-0 Be7 5. c4 0-0 6. b3 c6 7. Bb2 b6 8. d3 Bb7 9. Nbd2 Nbd7 10. e4 dxe4 11. dxe4 Nc5 12. e5 Nfd7 13. Qc2 Qc7 14. b4 Na6 15. a3 Rfd8 16. Ne4 Nf8 17. Qc3 Nb8 18. Nf6+ gxf6 19. exf6 Bd6 20. c5 bxc5 21. bxc5 Bf4 22. gxf4 Qxf4 23. Qa5 Rd5 24. Qb4 Qxb4 25. axb4 Ng6 26. Nd4 Rg5 27. Kh1 a5 28. Nb3 Rg4 29. Nxa5 Rxb4 30. Bc3 Rb5 31. Rfd1 Nf8 32. Bf1 Rbxa5 33. Rxa5 Rxa5 34. Bxa5 Nbd7 35. Bd8 Nxc5 36. Be7 Ncd7 37. Bg2 1-0

[Event "Titled Tuesday intern op 6th Aug"]
[Site "Chess.com INT"]
[Date "2019.08.06"]
[Round "4"]
[White "Zherebukh, Yaroslav"]
[Black "Aitbayev, Aslan"]
[Result "1-0"]
[WhiteElo "2631"]
[BlackElo "2454"]
[PlyCount "107"]
[EventDate "2019.08.06"]
[EventType "swiss (blitz)"]
[EventRounds "10"]
[EventCountry "USA"]
[SourceTitle "EXT 2021"]
[Source "ChessBase"]
[SourceDate "2020.10.23"]
[SourceVersion "1"]
[SourceVersionDate "2020.10.23"]
[SourceQuality "1"]

1. Nf3 d5 2. g3 Nf6 3. Bg2 Bf5 4. 0-0 e6 5. d3 Be7 6. Nh4 Bg4 7. h3 Bh5 8. f4 Nfd7 9. Nf3 Bg6 10. Nc3 0-0 11. e4 dxe4 12. dxe4 Nc6 13. g4 f5 14. gxf5 exf5 15. e5 Nc5 16. Be3 Ne6 17. Qxd8 Raxd8 18. Rad1 Bh5 19. Nd5 Rd7 20. Nf6+ gxf6 21. Rxd7 Bxf3 22. Bxf3 Rd8 23. Rxd8+ Ncxd8 24. exf6 Bxf6 25. c3 c6 26. Rd1 Kf7 27. Rd7+ Be7 28. Bh5+ Kf6 29. Bf2 Nxf4 30. Bh4+ Ke5 31. Rxe7+ Nde6 32. Bf7 Kd6 33. Bxe6 Nxe6 34. Rxb7 a5 35. Rxh7 a4 36. Rh6 Kd5 37. Rxe6 Kxe6 38. Bg3 Kd5 39. h4 Ke4 40. h5 f4 41. Bxf4 Kxf4 42. h6 Ke3 43. h7 Kd3 44. h8Q Kc2 45. c4 Kb1 46. a3 Ka2 47. Qc3 Kb1 48. b4 Ka2 49. b5 cxb5 50. cxb5 Kb1 51. b6 Ka2 52. b7 Kb1 53. b8Q+ Ka2 54. Qbb2# 1-0

[Event "Titled Tuesday intern op 2nd July"]
[Site "Chess.com INT"]
[Date "2019.07.02"]
[Round "3"]
[White "Zherebukh, Yaroslav"]
[Black "Volovich, Vasily"]
[Result "1-0"]
[WhiteElo "2628"]
[BlackElo "2120"]
[PlyCount "69"]
[EventDate "2019.07.02"]
[EventType "swiss (blitz)"]
[EventRounds "10"]
[EventCountry "USA"]
[SourceTitle "EXT 2021"]
[Source "ChessBase"]
[SourceDate "2020.10.23"]
[SourceVersion "1"]
[SourceVersionDate "2020.10.23"]
[SourceQuality "1"]

1. e4 e6 2. d4 d5 3. e5 c5 4. c3 Qa5 5. a3 Bd7 6. Nf3 Nc6 7. dxc5 Qc7 8. Bf4 Bxc5 9. Bd3 Nge7 10. b4 Bb6 11. Qe2 Ng6 12. Bg3 a6 13. 0-0 0-0 14. Nbd2 Na7 15. c4 dxc4 16. Nxc4 Bb5 17. a4 Bxc4 18. Bxc4 Qe7 19. b5 a5 20. Bd3 Bc5 21. h4 h6 22. h5 Nh8 23. Bh4 Qc7 24. Qe4 g6 25. Bf6 Nc8 26. Rac1 Ne7 27. b6 Qxb6 28. Rb1 Qc6 29. Rxb7 Qxe4 30. Bxe4 Nd5 31. Bxd5 exd5 32. e6 Rfb8 33. Rfb1 Rxb7 34. Rxb7 gxh5 35. Ne5 1-0

[Event "Saint Louis Summer-A"]
[Site "Saint Louis"]
[Date "2018.05.22"]
[Round "8"]
[White "Zherebukh, Yaroslav"]
[Black "Durarbayli, Vasif"]
[Result "1-0"]
[WhiteElo "2633"]
[BlackElo "2618"]
[PlyCount "63"]
[EventDate "2018.05.15"]
[EventType "tourn"]
[EventRounds "9"]
[EventCountry "USA"]
[EventCategory "16"]
[SourceTitle "CBM 185"]
[Source "ChessBase"]
[SourceDate "2018.07.13"]
[SourceVersion "1"]
[SourceVersionDate "2018.07.13"]
[SourceQuality "1"]

1. d4 Nf6 2. Nf3 g6 3. g3 Bg7 4. Bg2 0-0 5. 0-0 d5 6. c3 c6 7. Nbd2 a5 8. a4 Re8 9. Qb3 Ra6 10. Re1 Rb6 11. Qa3 Nbd7 12. e4 e5 13. exd5 e4 14. dxc6 exf3 15. Rxe8+ Qxe8 16. cxd7 Bxd7 17. Nxf3 Qe2 18. Be3 Bf8 19. b4 axb4 20. cxb4 Rxb4 21. Qc1 Ng4 22. Qc7 Rxa4 23. Re1 Qb5 24. Bd2 Rc4 25. Qf4 Qf5 26. Qb8 Rxd4 27. Bh6 Nxh6 28. Nxd4 Qd3 29. Nf3 Bc6 30. Ne5 Qd2 31. Ra1 Qd4 32. Ra8 1-0